000 00867nam a22002657a 4500
001 22223
005 20260416175935.0
008 260414b |||||||| |||| 00| 0 spa d
020 _a9786073259293
082 _a004.6
_bT19
100 _aTanenbaum, Andrew S.
245 _aRedes de computadoras
250 _aPrimera edición
260 _aCiudad de México :
_bPearson Educación,
_c2023
300 _axxii, 922 páginas :
_bilustraciones, cuadros, gráficos ;
_c26 cm.
440 _a ;
650 _aGEN
653 _aCiencia de la computación; Redes de computadoras
654 _aCCC
700 _aFeamster, Nick
_eAUT
700 _aWetherall, David
_eAUT
700 _aPortillo Campos, Vilma
_eTRA
856 _uhttps://dl.acm.org/action/doSearch?AllField=REDES+DE+COMPUTADORAS
_zVéase además: Base de datos AMC DL
942 _cLIB
_dJUS
_fMIP
_n0
_2ddc
999 _c22223
_d22223